000 00438nam a2200181Ia 4500
001 3526
005 20260306145650.0
008 260306t2005||||xx |||||||||||||| ||spa||
041 _aESP
082 _a287
_bC28 2005
100 _aCardó Franco, Andrés
_eAUT
245 0 _aLa iglesia y la educación en el Perú
260 _c2005
300 _a184 páginas :
_c22 cm.
650 _aGEN
654 _aCHU
942 _cLIB
_dJUS
_fJUS
_2ddc
_n
999 _c3526
_d3526